Tune-in again, Uncle Mal's second story book / (Record no. 44358)
[ view plain ]
| 000 -LEADER | |
|---|---|
| fixed length control field | 00594cam a2200205u 4500 |
| 001 - CONTROL NUMBER | |
| control field | 6443256 |
| 005 - DATE AND TIME OF LATEST TRANSACTION | |
| control field | 20181025132922.0 |
| 008 - FIXED-LENGTH DATA ELEMENTS--GENERAL INFORMATION | |
| fixed length control field | 830624s1940 nyua j 000 0 eng |
| 010 ## - LIBRARY OF CONGRESS CONTROL NUMBER | |
| LC control number | 40030535 |
| 040 ## - CATALOGING SOURCE | |
| Original cataloging agency | DLC |
| Transcribing agency | CarP |
| Modifying agency | DLC |
| 100 1# - MAIN ENTRY--PERSONAL NAME | |
| Personal name | Claire, Malcolm. [from old catalog] |
| 245 10 - TITLE STATEMENT | |
| Title | Tune-in again, Uncle Mal's second story book / |
| Statement of responsibility, etc | Malcolm Claire. |
| 260 ## - PUBLICATION, DISTRIBUTION, ETC. (IMPRINT) | |
| Place of publication, distribution, etc | New York, |
| Name of publisher, distributor, etc | Grosset & Dunlap |
| Date of publication, distribution, etc | c1940 |
| 300 ## - PHYSICAL DESCRIPTION | |
| Extent | 6 p.l., 208 p. |
| Other physical details | illus. |
| Dimensions | 24 cm. |
| 336 ## - CONTENT TYPE | |
| Content Type Term | text |
| 337 ## - MEDIA TYPE | |
| Media Type Term | unmediated |
| 338 ## - CARRIER TYPE | |
| Carrier Type Term | volume |
| 700 1# - ADDED ENTRY--PERSONAL NAME | |
| Personal name | Bailey, Bernadine, |
| Dates associated with a name | 1901-1995, |
| Relator term | ed. |
| 942 ## - ADDED ENTRY ELEMENTS (KOHA) | |
| Source of classification or shelving scheme | Library of Congress Classification |
| Item type | Books |
| Withdrawn status | Lost status | Source of classification or shelving scheme | Damaged status | Not for loan | Home library | Current library | Shelving location | Date acquired | Source of acquisition | Inventory number | Total Checkouts | Full call number | Barcode | Date last seen | Price effective from | Koha item type |
|---|---|---|---|---|---|---|---|---|---|---|---|---|---|---|---|---|
| Library of Congress Classification | BSOP Library | BSOP Library | David Weisberg Collection | 10/18/2018 | Donated by Dr. David and Oprah Weisberg | 43942 | PZ7 C52 1940 | 00054942 | 10/18/2018 | 10/18/2018 | Books |
